000 00238nam a2200097Ia 4500
001 689561
005 20250826161636.0
008 250824s9999 xx 000 0 und d
245 0 _aGURBET KUŞLARI
_cORHAN KEMAL
260 _bEVEREST YAYYINLARI
999 _c689561
_d689561